| 000 | 00970nam a2200241Ii 4500 | ||
|---|---|---|---|
| 003 | JO-AjNU | ||
| 008 | 230605s9999||||xx |||||||||||||| ||und|| | ||
| 017 | _a2009/9122 | ||
| 020 | _a978-977-455-349-9 | ||
| 040 |
_aJO-AjNU _bara _erda _cJO-AjNU |
||
| 041 | _aara | ||
| 050 | 1 | 4 | _aHG4026.C52512 2009 |
| 100 | 3 |
_aتأليف: سينامون، روبرت / م.مشارك: برايان هيلويج لارسين ؛ ترجمة : دار الفاروق, _eauthor _933960 |
|
| 245 | 0 | 0 | _aالادارة المالية للمنشآت التجارية |
| 250 | _aط1 | ||
| 264 | 3 | 1 | _aالقاهرة: دار الفاروق للاستثمارات الثقافية، 2009 |
| 300 |
_a204ص _bيحتوي على ببلوغرافية ومسرد مصطلحات من 165-204ص |
||
| 336 |
_atext _btxt _2rdacontent |
||
| 337 |
_aunmediated _bn _2rdamedia |
||
| 338 |
_avolume _bnc _2rdacarrier |
||
| 490 | 0 | _aصناع النجاح | |
| 650 | 4 |
_aالادارة المالية _933961 |
|
| 999 |
_aA13875 _c17443 _d17443 |
||